Poemas, oraciones e instrucciones (Registro nro. 37785)

Detalles MARC
000 -CABECERA
Longitud fija campo de control 00467nam a2200157 4500
003 - • IDENTIFICADOR DELl NÚMERO DE CONTROL
Identificador del número de control CO-ViMGA
020 ## - • NÚMERO INTERNACIONAL NORMALIZADO PARA LIBROS
Número Internacional Normalizado para Libros (ISBN) 9789588205632
040 ## - FUENTE DE LA CATALOGACIÓN
Centro catalogador de origen CO-ViMGA
Lengua de catalogación spa
Centro transcriptor CO-ViMGA
082 04 - • NÚMERO DE LA CLASIFICACIÓN DECIMAL DEWEY
Número de clasificación (R) Co861.5
Número del ítem R94p
100 1# - • PUNTO DE ACCESO PRINCIPAL-NOMBRE DE PERSONA
Nombre de persona Ruiz Henao, Oscar Darío,
Fechas asociadas al nombre 1967-
245 10 - • TITULO PROPIAMENTE DICHO
Título Poemas, oraciones e instrucciones
Mención de responsabilidad, etc. Oscar Darío Ruiz Henao
300 ## - • DESCRIPCIÓN FÍSICA
Extensión 109 p.
650 14 - • PUNTO DE ACCESO ADICIONAL DE MATERIA - TÉRMINO DE MATERIA
Término de materia o nombre geográfico como elemento inicial Poesía colombiana
942 ## - ENTRADA DE ELEMENTOS AGREGADOS (KOHA)
Fuente de clasificaión o esquema Dewey Decimal Classification
Koha [por defecto] tipo de item LIbro
Existencias
Perdido Fuente de clasificación o esquema Estado Físico No para préstamo Forma de adquisición Localización permanente Localización actual Fecha adquisición Préstamos totales Signatura completa Código de barras Fecha última consulta Número de copia Fecha del precio de reemplazo Tipo de item de Koha Localización en estanterías Note pública
        Literatura General Biblioteca Pública Departamental Eduardo Carranza - Villavicencio Biblioteca Pública Departamental Eduardo Carranza - Villavicencio 03/02/2017   P RUI4po ECA24956 11/26/2024 Ej.1 11/26/2024 LIbro Literatura 18952 | 24161
        Literatura General Biblioteca Pública Departamental Eduardo Carranza - Villavicencio Biblioteca Pública Departamental Eduardo Carranza - Villavicencio 06/13/2007   P RUI4po ECA17700 11/26/2024 Ej.1 11/26/2024 LIbro Literatura 12870 | 17134
  Dewey Decimal Classification     Sala General Segundo Piso Biblioteca Pública Germán Arciniegas - Villavicencio Biblioteca Pública Germán Arciniegas - Villavicencio 03/13/2017   Co861.5 R94p 031496 03/13/2017 Ej. 1 03/13/2017 LIbro    









Instituto Departamental de Cultura del Meta - Red Departamental de Bibliotecas Públicas del Meta.